Meri katha: dalit yatana, sangharsh aur bhavishya(मेरी कथा :दलित यातना, संघर्ष और भविष्य) (Record no. 114119)

MARC details
000 -LEADER
fixed length control field 00540 a2200157 4500
005 - DATE AND TIME OF LATEST TRANSACTION
control field 20260417113844.0
008 - FIXED-LENGTH DATA ELEMENTS--GENERAL INFORMATION
fixed length control field 260328b |||||||| |||| 00| 0 eng d
020 ## - INTERNATIONAL STANDARD BOOK NUMBER
International Standard Book Number 9788181435675
080 ## - UNIVERSAL DECIMAL CLASSIFICATION NUMBER
Universal Decimal Classification number 301.185=H
Item number MEK/M
100 ## - MAIN ENTRY--PERSONAL NAME
Personal name Mekvan,Martin
245 ## - TITLE STATEMENT
Title Meri katha: dalit yatana, sangharsh aur bhavishya(मेरी कथा :दलित यातना, संघर्ष और भविष्य)
260 ## - PUBLICATION, DISTRIBUTION, ETC. (IMPRINT)
Name of publisher, distributor, etc Vani Prakashan.
Place of publication, distribution, etc New Delhi.
Date of publication, distribution, etc 2013.
300 ## - PHYSICAL DESCRIPTION
Extent 151p.
653 ## - INDEX TERM--UNCONTROLLED
Uncontrolled term Dalit Literature-Hindi Literature
942 ## - ADDED ENTRY ELEMENTS (KOHA)
item type Under processing
Holdings
Lost status Source of classification or shelving scheme Not for loan Home library Current library Shelving location Date acquired Cost, normal purchase price Total Checkouts Full call number Barcode Date last seen Cost, replacement price Price effective from Koha item type
  Universal Decimal Classification Not For Loan University Library University Library On Display 13/01/2025 146.25   301.185=H MEK/M 00096448 13/01/2025 225.00 13/01/2025 Books
University Library, CUSAT